<?xml version="1.0" encoding="UTF-8"?><?xml-stylesheet type="text/xsl" href="static/style.xsl"?><OAI-PMH xmlns="http://www.openarchives.org/OAI/2.0/" xmlns:xsi="http://www.w3.org/2001/XMLSchema-instance" xsi:schemaLocation="http://www.openarchives.org/OAI/2.0/ http://www.openarchives.org/OAI/2.0/OAI-PMH.xsd"><responseDate>2026-04-17T14:58:05Z</responseDate><request verb="GetRecord" identifier="oai:www.recercat.cat:20.500.12328/1434" metadataPrefix="marc">https://recercat.cat/oai/request</request><GetRecord><record><header><identifier>oai:recercat.cat:20.500.12328/1434</identifier><datestamp>2025-05-20T00:04:23Z</datestamp><setSpec>com_2072_67741</setSpec><setSpec>col_2072_484352</setSpec></header><metadata><record xmlns="http://www.loc.gov/MARC21/slim" xmlns:dcterms="http://purl.org/dc/terms/" xmlns:xsi="http://www.w3.org/2001/XMLSchema-instance" xmlns:doc="http://www.lyncode.com/xoai" xsi:schemaLocation="http://www.loc.gov/MARC21/slim http://www.loc.gov/standards/marcxml/schema/MARC21slim.xsd">
   <leader>00925njm 22002777a 4500</leader>
   <datafield ind2=" " ind1=" " tag="042">
      <subfield code="a">dc</subfield>
   </datafield>
   <datafield ind2=" " ind1=" " tag="720">
      <subfield code="a">González-de Paz, Luis</subfield>
      <subfield code="e">author</subfield>
   </datafield>
   <datafield ind2=" " ind1=" " tag="720">
      <subfield code="a">Elorduy Hernández-Vaquero, Marta</subfield>
      <subfield code="e">author</subfield>
   </datafield>
   <datafield ind2=" " ind1=" " tag="720">
      <subfield code="a">Virumbrales Cancio, Montserrat</subfield>
      <subfield code="e">author</subfield>
   </datafield>
   <datafield ind2=" " ind1=" " tag="720">
      <subfield code="a">Real Gatius, Jordi</subfield>
      <subfield code="e">author</subfield>
   </datafield>
   <datafield ind2=" " ind1=" " tag="720">
      <subfield code="a">Sureda, Xisca</subfield>
      <subfield code="e">author</subfield>
   </datafield>
   <datafield ind2=" " ind1=" " tag="720">
      <subfield code="a">Borràs Santos, Alícia</subfield>
      <subfield code="e">author</subfield>
   </datafield>
   <datafield ind2=" " ind1=" " tag="720">
      <subfield code="a">Martínez Sánchez, Jose María</subfield>
      <subfield code="e">author</subfield>
   </datafield>
   <datafield ind2=" " ind1=" " tag="260">
      <subfield code="c">2016</subfield>
   </datafield>
   <datafield ind2=" " ind1=" " tag="520">
      <subfield code="a">La adaptación al Plan Bolonia del Grado de Medicina en España ha introducido en los planes de estudio la realización del Trabajo de Final de Grado (TFG). A continuación se presenta un modelo de TFG y se estudia la validez de un sistema de evaluación de las calificaciones para medir los resultados del aprendizaje de las competencias de investigación y pensamiento crítico. Se evaluaron 62 trabajos. Para su  realización los estudiantes contaron  con un equipo de tutores expertos en investigación clínica y en metodología. El trabajo fue evaluado por tres profesores, cada uno completó una rúbrica de 10 ítems. La validez del sistema de evaluación se analizó mediante el modelo de múltiples facetas de Rasch, que permite estudiar las diferencias en la severidad  de  los  evaluadores,  los  resultados  de  los  estudiantes y la dificultad de los  ítems. Se calificaron  los  trabajos  de  62  estudiantes, totalizando 186 rúbricas. El 58% de los estudiantes mostraron una habilidad superior a la  severidad  de  los  evaluadores y a la dificultad de los ítems de la rúbrica. No se observaron diferencias significativas en la severidad de los evaluadores, ni  en las calificaciones  finales según el tipo de evaluador. El ítem más difícil para  los  estudiantes fue la selección del diseño epidemiológico del protocolo. El método de análisis propuesto para el TFG es eficaz para evaluar la adquisición de las competencias relacionadas con la investigación y el pensamiento crítico en los estudiantes del último curso del Grado de Medicina.</subfield>
   </datafield>
   <datafield ind1="8" ind2=" " tag="024">
      <subfield code="a">González-de Paz, Luis; Elorduy-Vaquero, Marta; Virumbrales, Montserrat [et al]. Learning to perform research in the degree of medicine: analysis and evaluation of the student ratings of the final degree dissertation. Anales de Psicología, 2016, vol. 32, núm. 2, p. 484-491. Disponible en: &lt;https://revistas.um.es/analesps/article/view/analesps.32.2.212261>. Fecha de acceso: 25 ene. 2020. DOI: 10.6018/analesps.32.2.212261</subfield>
   </datafield>
   <datafield ind1="8" ind2=" " tag="024">
      <subfield code="a">0212-9728</subfield>
   </datafield>
   <datafield ind1="8" ind2=" " tag="024">
      <subfield code="a">http://hdl.handle.net/20.500.12328/1434</subfield>
   </datafield>
   <datafield ind1="8" ind2=" " tag="024">
      <subfield code="a">https://dx.doi.org/10.6018/analesps.32.2.212261</subfield>
   </datafield>
   <datafield tag="653" ind2=" " ind1=" ">
      <subfield code="a">Educació mèdica</subfield>
   </datafield>
   <datafield tag="653" ind2=" " ind1=" ">
      <subfield code="a">Competències professionals</subfield>
   </datafield>
   <datafield tag="653" ind2=" " ind1=" ">
      <subfield code="a">Investigació</subfield>
   </datafield>
   <datafield tag="653" ind2=" " ind1=" ">
      <subfield code="a">Alumnes -- Avaluació</subfield>
   </datafield>
   <datafield tag="653" ind2=" " ind1=" ">
      <subfield code="a">Medicina -- Educación</subfield>
   </datafield>
   <datafield tag="653" ind2=" " ind1=" ">
      <subfield code="a">Competencias profesionales</subfield>
   </datafield>
   <datafield tag="653" ind2=" " ind1=" ">
      <subfield code="a">Investigación</subfield>
   </datafield>
   <datafield tag="653" ind2=" " ind1=" ">
      <subfield code="a">Evaluación de los estudiantes</subfield>
   </datafield>
   <datafield tag="653" ind2=" " ind1=" ">
      <subfield code="a">Medical education</subfield>
   </datafield>
   <datafield tag="653" ind2=" " ind1=" ">
      <subfield code="a">Professional Competence</subfield>
   </datafield>
   <datafield tag="653" ind2=" " ind1=" ">
      <subfield code="a">Research</subfield>
   </datafield>
   <datafield tag="653" ind2=" " ind1=" ">
      <subfield code="a">Students -- Evaluation</subfield>
   </datafield>
   <datafield ind2="0" ind1="0" tag="245">
      <subfield code="a">Aprendizaje de las competencias de investigación en el Grado de Medicina: análisis y evaluación de las calificaciones de los estudiantes en el Trabajo de Final de Grado</subfield>
   </datafield>
</record></metadata></record></GetRecord></OAI-PMH>